Produkcia kyseliny jantárovej biologickou cestou s využitím membránových separačných techník

Salvato in:
Dettagli Bibliografici
Autore principale: Škytová, Karolína (Autore)
Altri autori: Mihaľ, Mário (Relatore della tesi)
Natura: Manoscritto Libro
Lingua:slovacco
Pubblicazione: 2025
Soggetti:
Accesso online:http://is.stuba.sk/zp/portal_zp.pl?podrobnosti=183414
Tags: Aggiungi Tag
Nessun Tag, puoi essere il primo ad aggiungerne!!

MARC

LEADER 00000ntm a22000003a 4500
001 stuzp105080
003 SK-STU
005 20250607211110.2
007 ta
008 150427s2015----xo-----f-mn---000-0-slo-d
040 |a STU  |b slo 
041 0 |a slo 
100 1 |a Škytová, Karolína  |u 046230  |k Z4  |4 aut  |U FCHPT Ústav chemického a environmentálneho inžinierstva  |T FCHPT Oddelenie chemického a biochemického inžinierstva  |X 104317  |U C6230  |Y 119  |7 104317 
242 0 1 |a Production of succinic acid by biological route using membrane separation techniques  |y eng 
245 1 0 |a Produkcia kyseliny jantárovej biologickou cestou s využitím membránových separačných techník 
260 |c 2025 
650 4 |a trioctylamine  |2 eng 
650 4 |a membrane separation  |2 eng 
650 4 |a pertraction  |2 eng 
650 4 |a succinic acid  |2 eng 
650 4 |a membránová separácia  |2 slo 
650 4 |a pertrakcia  |2 slo 
650 4 |a trioktylamín  |2 slo 
650 4 |a kyselina jantárová  |2 slo 
700 1 |a Mihaľ, Mário  |u 046230  |k Z1  |4 ths  |U FCHPT Ústav chemického a environmentálneho inžinierstva  |T FCHPT Oddelenie chemického a biochemického inžinierstva  |X 21569  |U C6230  |Y 119  |7 A0000021569 
856 4 |u http://is.stuba.sk/zp/portal_zp.pl?podrobnosti=183414